| 000 | 00676nam a2200241 a 4500 | ||
|---|---|---|---|
| 001 | 46721 | ||
| 003 | BD-RjUL | ||
| 005 | 20211209054209.0 | ||
| 008 | 160803s1967 ii ||||| ||b| 00| 0 eng d | ||
| 020 | _c: IRs. 8.00 | ||
| 035 | _a(BD-RjUL)46840 | ||
| 040 |
_aBD-RjUL _beng _cBD-RjUL |
||
| 041 | _aeng | ||
| 082 |
_223 _a346.03 _bBAL 1967 |
||
| 100 | 1 |
_aBasu, Durga Das _9142410 |
|
| 245 | 1 | 0 |
_aThe law of Torts / _cby Durga Das Basu |
| 246 | _aBasu's Law of Torts. | ||
| 250 | _a7th ed. ,Revised and Enlarged | ||
| 260 |
_aCalcutta : _bS. C. Sarkar & Sons Private Ltd. , _c1967 |
||
| 300 |
_a[8], 172 p. ; _c25 cm. |
||
| 650 |
_aTorts _zIndia _9142411 |
||
| 942 |
_2ddc _cBK |
||
| 999 |
_c46721 _d46721 |
||